| 000 | 01469nam a2200181Ia 4500 | ||
|---|---|---|---|
| 008 | 151202s9999||||xx |||||||||||||| ||und|| | ||
| 082 | _bPNVM-123378 | ||
| 100 | _a"भास्कराचार्य,महीधर,गणेशदैवज्ञ." | ||
| 245 | _aलीलावती उत्तरार्ध भाग 2 बुद्धिविलासिनी लीलावतीविवरणटीकाद्वयोपेता संस्कृत अकारानुक्रमश्लोकसूचिसहित. | ||
| 260 | _b"आनंदाश्रम संस्था,पुणे." | ||
| 260 | _c1937 | ||
| 300 | _a175 | ||
| 600 | _a"भास्कराचार्य,महीधर,गणेशदैवज्ञ." | ||
| 630 | _aलीलावती उत्तरार्ध भाग 2 बुद्धिविलासिनी लीलावतीविवरणटीकाद्वयोपेता संस्कृत अकारानुक्रमश्लोकसूचिसहित. | ||
| 700 | _a"भास्कराचार्य,महीधर,गणेशदैवज्ञ." | ||
| 730 | _aलीलावती उत्तरार्ध भाग 2 बुद्धिविलासिनी लीलावतीविवरणटीकाद्वयोपेता संस्कृत अकारानुक्रमश्लोकसूचिसहित. | ||
| 942 | _cBOOK | ||
| 999 |
_c1353507 _d1353504 |
||